| 000 | 00701cam a2200181 a 4500 | ||
|---|---|---|---|
| 999 |
_c1491 _d1491 |
||
| 003 | OSt | ||
| 005 | 20200313055022.0 | ||
| 008 | 011017s2001 ii ab bf 100 0 eng | ||
| 082 | 0 | 0 |
_a720.472 _221 _bKRI |
| 245 | 0 | 0 |
_aClimate responsive architecture : _ba design handbook for energy efficient buildings / _ceditors, Arvind Krishan ... [et al.]. |
| 260 |
_aNew Delhi ; _aNew York : _bTata McGraw-Hill Pub. Co., _cc2001. |
||
| 300 |
_axxiii, 409 p. : _bill., map ; _c24 x 32 cm. |
||
| 504 | _aIncludes bibliographical references. | ||
| 520 | _aPapers presented at an international workshop held in 1995. | ||
| 650 | 0 |
_aDwellings _xEnergy conservation _vCongresses. |
|
| 700 | 1 | _aKrishan, Arvind. | |
| 942 | _2ddc | ||